000 00824nam a2200217 i 4500
001 125009
003 ES-MaACL
005 20230906192533.0
007 t|
008 070426s1934 sp ||||1| spa d
100 1 _aPalancar, María.
_988461
245 1 3 _aLa prevención de los accidentes del trabajo /
_cpor María Palancar y Eugenio Pérez Botija.
260 _aMadrid :
_b[s.n.],
_c1934 (
_fImprenta y Encuadernación de los Sobrinos de la Sucesora de M. Minuesa de los Ríos)
300 _a244 p., 34 lám. ;
_c25 cm.
490 1 _aPublicaciones del Instituto Nacional de Previsión ;
_v422
500 _aPremio Marvá 1933.
700 1 _aPérez Botija, Eugenio.
_990674
830 0 _aPublicaciones del Instituto Nacional de Previsión ;
_v422
_9181151
852 _aES-MaACL
_jC-12644(4)
999 _c125009
_d125009